<?xml version="1.0" encoding="UTF-8"?>
<record
    xmlns:xsi="http://www.w3.org/2001/XMLSchema-instance"
    xsi:schemaLocation="http://www.loc.gov/MARC21/slim http://www.loc.gov/standards/marcxml/schema/MARC21slim.xsd"
    xmlns="http://www.loc.gov/MARC21/slim">

  <leader>02320nam0a2200469   4500</leader>
  <controlfield tag="001">RU\NLR\bibl\24787</controlfield>
  <controlfield tag="005">20260407074643.0</controlfield>
  <datafield tag="010" ind1=" " ind2=" ">
    <subfield code="a">5-02-0300869-2</subfield>
    <subfield code="b">&#x41D;&#x43E;&#x432;&#x43E;&#x441;&#x438;&#x431;&#x438;&#x440;&#x441;&#x43A;</subfield>
  </datafield>
  <datafield tag="010" ind1=" " ind2=" ">
    <subfield code="a">5-02-011708-0</subfield>
    <subfield code="b">&#x41C;&#x43E;&#x441;&#x43A;&#x432;&#x430;</subfield>
    <subfield code="9">2000</subfield>
  </datafield>
  <datafield tag="035" ind1=" " ind2=" ">
    <subfield code="a">(NLR Aleph) 000024163</subfield>
  </datafield>
  <datafield tag="090" ind1=" " ind2=" ">
    <subfield code="a">114940</subfield>
    <subfield code="c">114940</subfield>
  </datafield>
  <datafield tag="100" ind1=" " ind2=" ">
    <subfield code="a">19990428d1998    |||y0rusy50      ca</subfield>
  </datafield>
  <datafield tag="101" ind1="1" ind2=" ">
    <subfield code="a">rus</subfield>
    <subfield code="a">sho</subfield>
    <subfield code="d">eng</subfield>
  </datafield>
  <datafield tag="102" ind1=" " ind2=" ">
    <subfield code="a">RU</subfield>
  </datafield>
  <datafield tag="105" ind1=" " ind2=" ">
    <subfield code="a">|||||||||||||</subfield>
  </datafield>
  <datafield tag="200" ind1="1" ind2=" ">
    <subfield code="a">&#x428;&#x43E;&#x440;&#x441;&#x43A;&#x438;&#x435; &#x433;&#x435;&#x440;&#x43E;&#x438;&#x447;&#x435;&#x441;&#x43A;&#x438;&#x435; &#x441;&#x43A;&#x430;&#x437;&#x430;&#x43D;&#x438;&#x44F;</subfield>
    <subfield code="f">[&#x420;&#x43E;&#x441;. &#x430;&#x43A;&#x430;&#x434;. &#x43D;&#x430;&#x443;&#x43A;. &#x421;&#x438;&#x431;. &#x43E;&#x442;&#x434;-&#x43D;&#x438;&#x435;, &#x418;&#x43D;-&#x442; &#x444;&#x438;&#x43B;&#x43E;&#x43B;&#x43E;&#x433;&#x438;&#x438;</subfield>
    <subfield code="g">&#x412;&#x441;&#x442;&#x443;&#x43F;. &#x441;&#x442;., &#x43F;&#x43E;&#x434;&#x433;&#x43E;&#x442;. &#x43F;&#x43E;&#x44D;&#x442;. &#x442;&#x435;&#x43A;&#x441;&#x442;&#x430;, &#x43F;&#x435;&#x440;., &#x43A;&#x43E;&#x43C;&#x43C;&#x435;&#x43D;&#x442;. &#x410;.&#x418;. &#x427;&#x443;&#x434;&#x43E;&#x44F;&#x43A;&#x43E;&#x432;&#x430;</subfield>
    <subfield code="g">&#x41C;&#x443;&#x437;&#x44B;&#x43A;&#x43E;&#x432;&#x435;&#x434;. &#x441;&#x442;. &#x438; &#x43F;&#x43E;&#x434;&#x433;&#x43E;&#x442;. &#x43D;&#x43E;&#x442;. &#x442;&#x435;&#x43A;&#x441;&#x442;&#x430; &#x420;.&#x411;.&#x41D;&#x430;&#x437;&#x430;&#x440;&#x435;&#x43D;&#x43A;&#x43E;]</subfield>
    <subfield code="z">sho</subfield>
  </datafield>
  <datafield tag="210" ind1=" " ind2=" ">
    <subfield code="a">&#x41C;.</subfield>
    <subfield code="a">&#x41D;&#x43E;&#x432;&#x43E;&#x441;&#x438;&#x431;&#x438;&#x440;&#x441;&#x43A;</subfield>
    <subfield code="c">&#x41D;&#x430;&#x443;&#x43A;&#x430;</subfield>
    <subfield code="d">1998</subfield>
  </datafield>
  <datafield tag="215" ind1=" " ind2=" ">
    <subfield code="a">462 &#x441;.</subfield>
    <subfield code="c">&#x438;&#x43B;., &#x43D;&#x43E;&#x442;.</subfield>
    <subfield code="d">22</subfield>
    <subfield code="e">&#x433;&#x440;&#x430;&#x43C;&#x43F;&#x43B;&#x430;&#x441;&#x442;&#x438;&#x43D;&#x43A;&#x430;</subfield>
  </datafield>
  <datafield tag="225" ind1="1" ind2=" ">
    <subfield code="a">&#x41F;&#x430;&#x43C;&#x44F;&#x442;&#x43D;&#x438;&#x43A;&#x438; &#x444;&#x43E;&#x43B;&#x44C;&#x43A;&#x43B;&#x43E;&#x440;&#x430; &#x43D;&#x430;&#x440;&#x43E;&#x434;&#x43E;&#x432; &#x421;&#x438;&#x431;&#x438;&#x440;&#x438; &#x438; &#x414;&#x430;&#x43B;&#x44C;&#x43D;&#x435;&#x433;&#x43E; &#x412;&#x43E;&#x441;&#x442;&#x43E;&#x43A;&#x430;</subfield>
    <subfield code="f">&#x420;&#x435;&#x434;&#x43A;&#x43E;&#x43B;. ... &#x410;.&#x41F;. &#x414;&#x435;&#x440;&#x435;&#x432;&#x44F;&#x43D;&#x43A;&#x43E; (&#x433;&#x43B;. &#x440;&#x435;&#x434;.) &#x438; &#x434;&#x440;.</subfield>
    <subfield code="v">&#x422;. 17</subfield>
  </datafield>
  <datafield tag="300" ind1=" " ind2=" ">
    <subfield code="a">&#x41F;&#x430;&#x440;&#x430;&#x43B;. &#x437;&#x430;&#x433;&#x43B;. &#x43D;&#x430; &#x448;&#x43E;&#x440;. &#x44F;&#x437;.</subfield>
  </datafield>
  <datafield tag="300" ind1=" " ind2=" ">
    <subfield code="a">&#x422;&#x435;&#x43A;&#x441;&#x442; &#x43F;&#x430;&#x440;&#x430;&#x43B;. &#x43D;&#x430; &#x440;&#x443;&#x441;. &#x438; &#x448;&#x43E;&#x440;. &#x44F;&#x437;.</subfield>
  </datafield>
  <datafield tag="300" ind1=" " ind2=" ">
    <subfield code="a">&#x420;&#x435;&#x437;. &#x43D;&#x430; &#x430;&#x43D;&#x433;&#x43B;. &#x44F;&#x437;.</subfield>
  </datafield>
  <datafield tag="320" ind1=" " ind2=" ">
    <subfield code="a">&#x411;&#x438;&#x431;&#x43B;&#x438;&#x43E;&#x433;&#x440;.: &#x441;. 456-457</subfield>
  </datafield>
  <datafield tag="320" ind1=" " ind2=" ">
    <subfield code="a">&#x423;&#x43A;&#x430;&#x437;. &#x438;&#x43C;&#x435;&#x43D; &#x43F;&#x435;&#x440;&#x441;&#x43E;&#x43D;&#x430;&#x436;&#x435;&#x439; &#x441;&#x43A;&#x430;&#x437;&#x430;&#x43D;&#x438;&#x44F; "&#x41A;&#x430;&#x43D; &#x41F;&#x435;&#x440;&#x433;&#x435;&#x43D;": &#x441;. 450-451</subfield>
  </datafield>
  <datafield tag="320" ind1=" " ind2=" ">
    <subfield code="a">&#x423;&#x43A;&#x430;&#x437;. &#x438;&#x43C;&#x435;&#x43D; &#x43F;&#x435;&#x440;&#x441;&#x43E;&#x43D;&#x430;&#x436;&#x435;&#x439; &#x441;&#x43A;&#x430;&#x437;&#x430;&#x43D;&#x438;&#x44F; "&#x410;&#x43B;&#x442;&#x44B;&#x43D; &#x421;&#x44B;&#x440;&#x44B;&#x43A;": &#x441;. 452-453</subfield>
  </datafield>
  <datafield tag="327" ind1="1" ind2=" ">
    <subfield code="a">&#x421;&#x43E;&#x434;&#x435;&#x440;&#x436;.: &#x41A;&#x430;&#x43D; &#x41F;&#x435;&#x440;&#x433;&#x435;&#x43D;; &#x410;&#x43B;&#x442;&#x44B;&#x43D; &#x421;&#x44B;&#x440;&#x44B;&#x43A;</subfield>
  </datafield>
  <datafield tag="606" ind1="0" ind2=" ">
    <subfield code="a">&#x413;&#x435;&#x440;&#x43E;&#x438;&#x447;&#x435;&#x441;&#x43A;&#x438;&#x439; &#x44D;&#x43F;&#x43E;&#x441; &#x448;&#x43E;&#x440;&#x441;&#x43A;&#x438;&#x439;</subfield>
    <subfield code="9">2084555</subfield>
    <subfield code="3">RU\NLR\auth\661260643</subfield>
  </datafield>
  <datafield tag="686" ind1=" " ind2=" ">
    <subfield code="a">&#x429;319.41(2&#x420;=&#x428;)</subfield>
  </datafield>
  <datafield tag="686" ind1=" " ind2=" ">
    <subfield code="a">&#x428;3(251.7=&#x428;)-611.0</subfield>
  </datafield>
  <datafield tag="702" ind1=" " ind2="1">
    <subfield code="a">&#x427;&#x443;&#x434;&#x43E;&#x44F;&#x43A;&#x43E;&#x432;</subfield>
    <subfield code="b">&#x410;. &#x418;.</subfield>
    <subfield code="f">1928-1994</subfield>
    <subfield code="g">&#x410;&#x43D;&#x434;&#x440;&#x435;&#x439; &#x418;&#x43B;&#x44C;&#x438;&#x447;</subfield>
    <subfield code="4">220</subfield>
  </datafield>
  <datafield tag="712" ind1="0" ind2="2">
    <subfield code="4">570</subfield>
    <subfield code="a">&#x418;&#x43D;&#x441;&#x442;&#x438;&#x442;&#x443;&#x442; &#x444;&#x438;&#x43B;&#x43E;&#x43B;&#x43E;&#x433;&#x438;&#x438;</subfield>
    <subfield code="c">&#x41D;&#x43E;&#x432;&#x43E;&#x441;&#x438;&#x431;&#x438;&#x440;&#x441;&#x43A;</subfield>
    <subfield code="3">RU\NLR\AUTH\883552</subfield>
    <subfield code="9">278403</subfield>
  </datafield>
  <datafield tag="801" ind1=" " ind2="0">
    <subfield code="a">RU</subfield>
    <subfield code="b">NLR</subfield>
    <subfield code="c">19990428</subfield>
    <subfield code="g">PSBO</subfield>
  </datafield>
  <datafield tag="801" ind1=" " ind2="1">
    <subfield code="a">RU</subfield>
    <subfield code="b">NLR</subfield>
    <subfield code="c">19990428</subfield>
  </datafield>
  <datafield tag="830" ind1=" " ind2=" ">
    <subfield code="a">&#x421;&#x43E;&#x441;&#x442;. &#x43F;&#x43E; &#x43A;&#x43D;.</subfield>
  </datafield>
  <datafield tag="852" ind1=" " ind2=" ">
    <subfield code="a">NLR</subfield>
    <subfield code="b">&#x41E;&#x41D;&#x41B;</subfield>
    <subfield code="j">&#x428;&#x43E;&#x440;./3-95</subfield>
  </datafield>
  <datafield tag="852" ind1=" " ind2=" ">
    <subfield code="a">NLR</subfield>
    <subfield code="b">&#x41E;&#x41D;&#x41B;</subfield>
    <subfield code="j">&#x41C;&#x41A;-7975</subfield>
  </datafield>
  <datafield tag="942" ind1=" " ind2=" ">
    <subfield code="c">BOOK</subfield>
  </datafield>
  <datafield tag="980" ind1=" " ind2=" ">
    <subfield code="a">NB</subfield>
  </datafield>
  <datafield tag="995" ind1=" " ind2=" ">
    <subfield code="5">2013-10-26</subfield>
    <subfield code="b">NLR01</subfield>
    <subfield code="c">NLR01</subfield>
    <subfield code="e">ONL</subfield>
    <subfield code="f">1-922333</subfield>
    <subfield code="k">&#x41E;&#x41D;&#x41B; &#x428;&#x43E;&#x440;./3-95</subfield>
    <subfield code="o">0</subfield>
    <subfield code="r">BOOK</subfield>
    <subfield code="s">_395</subfield>
  </datafield>
  <datafield tag="995" ind1=" " ind2=" ">
    <subfield code="5">2015-04-10</subfield>
    <subfield code="a">ab</subfield>
    <subfield code="b">NLR02</subfield>
    <subfield code="c">NLR02</subfield>
    <subfield code="e">MK</subfield>
    <subfield code="f">1-859212</subfield>
    <subfield code="o">0</subfield>
    <subfield code="p">300.00</subfield>
    <subfield code="r">BOOK</subfield>
  </datafield>
</record>
